000 00786nam a2200241Ia 4500
003 OSt
005 20220923221851.0
006 a|||||r|||| 00| 0
007 ta
008 220922b |||||||| |||| 00| 0 hin d
024 _a200,626
037 _cTextual
040 _aARTS
_cARTS
_bhin
041 _2hin
_ahin
082 _aV2:3(Q7), 152L7-;5
100 _aमुशीर उल हक
245 0 _aधर्म निरपेक्ष भारत में इस्लाम
246 _aDharma nirapekṣha bhārat mean islāma
260 _aदिल्ली
_b राधाकृष्ण प्रका0
_c1979
300 _a129पृ.
_ccm.
942 _hV2:3(Q7), 152L7-;5
_cTEXL
_2CC
999 _c352298
_d352298